Cyclisme : Top 20 du Gree-Tour de Guangxi 2024 - Statistiques

Statistiques générales
  • Ce quiz a été pris 8 fois
  • Le résultat moyen est 7 sur 20
Statistiques - réponses
Position Equipe Coureur % Correct
1er Lotto Dstny Lennert Van Eetvelt
100%
4eme Decathlon AG2R La Mondiale Victor Lafay
86%
18eme DSM Firmeninch PostNL Max Poole
71%
2eme DSM Firmeninch PostNL Oscar Onley
71%
7eme UAE Team Emirates Tim Wellens
71%
3eme Decathlon AG2R La Mondiale Alex Baudin
57%
9eme Arkea B&B Hotels Ewen Costiou
57%
8eme Astana Qazqstan Team Lorenzo Fortunato
43%
5eme UAE Team Emirates Pavel Sivakov
43%
6eme Red Bull Bora Hansgrohe Giovanni Aleotti
29%
10eme Lidl Trek Quinn Simmons
29%
14eme Red Bull Bora Hansgrohe Alexander Hajek
14%
11eme UAE Team Emirates Felix Grosschartner
14%
17eme Lidl Trek Amanuel Ghebreigzabhier
0%
15eme Visma Lease a Bike Johannes Staune-Mittet
0%
20eme Ineos Grenadier Oscar Rodriguez
0%
13eme Bahrain Victorious Robert Stannard
0%
16eme Cofidis Ruben Fernandez
0%
19eme Intermarche Wanty Rune Herregodts
0%
12eme Jayco AlUla Welay Hagos Berhe
0%
Aucun quiz correspondant
Distribution des résultats
% des personnes avec chaque résultat
Percentile par nombre de réponses
Votre historique - résultats
Vous n’avez pas pris ce quiz